Dlhodobá ekonomická stratégia vybraných ázijských novoindustrializovaných krajín

Vývoj 4 ázijských novoindustrializovaných krajín ("štyri tigre") - Kórejská republika, Tchaj-wan, Singapur, Hongkong a ich skúsenosti z integrácie do svetovej ekonomiky. Príklad pre bývalé socialistické krajiny východnej Európy vrátane Slovenska. Zhrnutie poznatkov a závery pre ekonomiku SR.

Gespeichert in:
Bibliographische Detailangaben
1. Verfasser: Grofiková, I.
Format: Buchkapitel
Sprache:Slowakisch
Schlagworte:
Tags: Tag hinzufügen
Keine Tags, Fügen Sie das erste Tag hinzu!

MARC

LEADER 00000naa a2200000 4500
001 r015773
005 20221205083935.4
041 0 |a slo 
044 |a SK 
245 1 0 |a Dlhodobá ekonomická stratégia vybraných ázijských novoindustrializovaných krajín  |c I. Grofiková 
520 |a Vývoj 4 ázijských novoindustrializovaných krajín ("štyri tigre") - Kórejská republika, Tchaj-wan, Singapur, Hongkong a ich skúsenosti z integrácie do svetovej ekonomiky. Príklad pre bývalé socialistické krajiny východnej Európy vrátane Slovenska. Zhrnutie poznatkov a závery pre ekonomiku SR. 
610 2 0 |a stratégia hospodárska 
610 2 0 |a Ázia 
610 2 0 |a Južná Kórea 
610 2 0 |a Taiwan 
610 2 0 |a Singapur 
610 2 0 |a Hongkong 
610 2 0 |a industrializácia 
610 2 0 |a vývoj hospodársky 
610 2 0 |a integrácia ekonomická medzinárodná 
610 2 0 |a Slovensko 
610 2 0 |a východná Európa 
100 1 |a Grofiková, I.